MARC details
| 000 -LEADER |
| fixed length control field |
00697cab a2200217 4500 |
| 001 - CONTROL NUMBER |
| control field |
WB2828-07 |
| 008 - FIXED-LENGTH DATA ELEMENTS--GENERAL INFORMATION |
| fixed length control field |
090401t1992 xxu||||| |||| 00| 0 eng d |
| 035 ## - SYSTEM CONTROL NUMBER |
| System control number |
(Sirsi) u59646 |
| 041 ## - LANGUAGE CODE |
| Language code of text/sound track or separate title |
eng |
| 245 ## - TITLE STATEMENT |
| Title |
Bat flaps |
| 260 ## - PUBLICATION, DISTRIBUTION, ETC. |
| Date of publication, distribution, etc. |
1992 |
| 350 ## - PRICE (NR) (BK AM CF MU VM SE) [OBSOLETE] |
| Price |
0 |
| 490 ## - SERIES STATEMENT |
| Series statement |
Times |
| Volume/sequential designation |
10 July 1992, 10(1) |
| 520 ## - SUMMARY, ETC. |
| Summary, etc. |
Describes an estate being built in Northumberland in which the houses incorporate a space in the roof to accommodate Britain`s smallest bat, the pipistrelle. |
| 650 ## - SUBJECT ADDED ENTRY--TOPICAL TERM |
| Topical term or geographic name entry element |
BATS |
| 650 ## - SUBJECT ADDED ENTRY--TOPICAL TERM |
| Topical term or geographic name entry element |
BUILT ENVIRONMENT-BUILDING ELEMENTS-COMPLETE BUILDING ELEMENTS-ROOFS |
| 690 ## - LOCAL SUBJECT ADDED ENTRY--TOPICAL TERM (OCLC, RLIN) |
| Topical term or geographic name as entry element |
BUILT ENVIRONMENT-CONSTRUCTION DESIGN |
| 690 ## - LOCAL SUBJECT ADDED ENTRY--TOPICAL TERM (OCLC, RLIN) |
| Topical term or geographic name as entry element |
CONSERVATION |
| 942 ## - ADDED ENTRY ELEMENTS (KOHA) |
| Suppress in OPAC |
0 |
| 948 ## - LOCAL PROCESSING INFORMATION (OCLC); SERIES PART DESIGNATOR (RLIN) |
| c (OCLC) |
04/03/1997 |